[Event "welcome Tourney"]
[Site "SchemingMind.com"]
[Date "2008.05.07"]
[Round "-"]
[White "xixobrax"]
[Black "Schaakmaatje"]
[Result "0-1"]
[WhiteCountry "USA"]
[BlackCountry "NED"]
[WhiteElo "1130"]
[WhiteRD "179"]
[BlackElo "1760"]
[BlackRD "46"]
[GameID "153726"]

1. b3 d5 2. Bb2 Bf5 3. Nf3 Nc6 4. e3 h6 5. Bb5 Qd7 6. O-O f6 7. d4 a6 8. Bxc6 Qxc6 9. Nbd2 O-O-O 10. Rc1 e6
11. Qe2 Bd6 12. Rfe1 Ne7 13. Red1 Kb8 14. Ne1 g5 15. c4 dxc4 16. Qxc4 Qxc4 17. Nxc4 Rhf8 18. Nxd6 cxd6 19. Rc3 Nd5
0-1

[Event "welcome Tourney"]
[Site "SchemingMind.com"]
[Date "2008.05.08"]
[Round "-"]
[White "Schaakmaatje"]
[Black "xixobrax"]
[Result "1-0"]
[WhiteCountry "NED"]
[BlackCountry "USA"]
[WhiteElo "1760"]
[WhiteRD "46"]
[BlackElo "1130"]
[BlackRD "179"]
[GameID "153734"]

1. d4 g6 2. e4 Bg7 3. Be3 c6 4. c4 d6 5. Nf3 Bg4 6. h3 Bxf3 7. gxf3 e5 8. d5 Ne7 9. Nc3 O-O 10. h4 cxd5
11. cxd5 f5 12. Bh3 Nd7 13. Rc1 Rc8 14. Nb5 Qa5+ 15. Nc3 Rc7 16. O-O Nc5 17. Bg5 Na4 18. Qxa4 Qxa4 19. Nxa4
1-0

[Event "welcome Tourney"]
[Site "SchemingMind.com"]
[Date "2008.05.12"]
[Round "-"]
[White "Caputo"]
[Black "esteves101"]
[Result "0-1"]
[WhiteCountry "USA"]
[BlackCountry "PHI"]
[WhiteElo "1675"]
[WhiteRD "62"]
[BlackElo "2081"]
[BlackRD "62"]
[GameID "154415"]

1. e4 e5 2. Nf3 Nf6 3. d4 Nxe4 4. dxe5 Bc5 5. Be3 Bxe3 6. fxe3 d5 7. Nbd2 O-O 8. Qe2 Nc6 9. O-O-O Qe7 10. h3 Ng3
11. Qe1 Nxh1 12. Bd3 Nb4 13. Kb1 c5 14. Qxh1 c4 15. Be2 Bf5 16. Nd4 Qxe5 17. g4 Qxe3 18. Nxf5 Qxe2 19. Qe1 Qxe1 20. Rxe1 Rfe8
21. Rf1 Re2 22. Rd1 Rae8 23. Nf3 Rxc2 24. a3 Ree2 25. N3d4 Rxb2+ 26. Ka1 Ra2+ 27. Kb1 c3 28. Nxe2 Rb2+
0-1

[Event "welcome Tourney"]
[Site "SchemingMind.com"]
[Date "2008.05.14"]
[Round "-"]
[White "esteves101"]
[Black "Caputo"]
[Result "1-0"]
[WhiteCountry "PHI"]
[BlackCountry "USA"]
[WhiteElo "1996"]
[WhiteRD "68"]
[BlackElo "1686"]
[BlackRD "64"]
[GameID "154430"]

1. e4 e5 2. Nf3 Nc6 3. Bb5 a6 4. Bxc6 bxc6 5. O-O Bd6 6. d4 exd4 7. Qxd4 Be7 8. Qxg7 Bf6 9. Qg3 d6 10. e5 Be7
11. Qg7
1-0

[Event "welcome Tourney"]
[Site "SchemingMind.com"]
[Date "2008.05.17"]
[Round "-"]
[White "smothered mate"]
[Black "chesshub"]
[Result "0-1"]
[WhiteCountry "POL"]
[BlackCountry "FRA"]
[WhiteElo "1927"]
[WhiteRD "49"]
[BlackElo "2384"]
[BlackRD "74"]
[GameID "155251"]

1. e4 c5 2. c3 Nf6 3. e5 Nd5 4. g3 d6 5. exd6 Qxd6 6. Bg2 Nc6 7. Ne2 Bf5 8. d4 cxd4 9. cxd4 Ndb4 10. Na3 Nd3+
11. Kf1 Nxd4 12. Bxb7 Qa6 13. Bxa8 Bg4 14. f3 Bh3+ 15. Kg1 Nxf3+ 16. Bxf3 Qb6+
0-1

[Event "welcome Tourney"]
[Site "SchemingMind.com"]
[Date "2008.05.16"]
[Round "-"]
[White "chesshub"]
[Black "smothered mate"]
[Result "1-0"]
[WhiteCountry "FRA"]
[BlackCountry "POL"]
[WhiteElo "2421"]
[WhiteRD "74"]
[BlackElo "1926"]
[BlackRD "48"]
[GameID "155257"]

1. e4 c5 2. Nf3 d6 3. d4 cxd4 4. Nxd4 Nf6 5. Nc3 g6 6. Be3 Bg7 7. f3 O-O 8. Qd2 Nc6 9. Bc4 Bd7 10. O-O-O Rc8
11. Bb3 Nxd4 12. Bxd4 b5 13. Nd5 Nxd5 14. Bxg7 Kxg7 15. exd5 a5 16. a3 Qb6 17. Rhe1 a4 18. Ba2 Bf5 19. c3 Rc7 20. g4 Bc8
21. h4 b4 22. axb4 Qxb4 23. Rxe7 Qb7 24. Qd4+ Kg8 25. Rxc7 Qxc7 26. Qxa4 Bb7 27. Bb1 Ra8 28. Qf4 Ra1 29. Qe4 Bc8 30. Qe8+ Kg7
31. h5 gxh5 32. Qe4 f5 33. Qd4+ Kg8 34. gxh5 Qf7 35. Rg1+ Kf8 36. Qh8+ Ke7 37. Qxc8
1-0

[Event "welcome Tourney"]
[Site "SchemingMind.com"]
[Date "2008.05.20"]
[Round "-"]
[White "Carl Lenox"]
[Black "Andreas Flato"]
[Result "0-1"]
[WhiteCountry "CAN"]
[BlackCountry "GER"]
[WhiteElo "1260"]
[WhiteRD "61"]
[BlackElo "1847"]
[BlackRD "66"]
[GameID "155783"]

1. e4 e6 2. Nc3 Bb4 3. Nf3 d5 4. d4 dxe4 5. Ng5 Nf6 6. Nxe4 Nxe4 7. Bd2 Qxd4 8. Qe2 Nxc3 9. Qf3 Nd5 10. Bd3 Qxb2
11. Rd1 Nc6 12. O-O Bxd2 13. Rxd2 Ne5 14. Qe4 Nxd3 15. Qxd3 Qc3 16. Qb5+ c6 17. Qe2 O-O 18. Rd3 Qb2 19. Rb3 Qxa2 20. Rd1 b6
21. Rh3 Ba6 22. Qd2 h6 23. g3 c5 24. Rh4 c4 25. Re1 c3 26. Qd4 Qxc2 27. Rg4 g6 28. Rh4 Kh7 29. Rh3 g5 30. Qg4 Qg6
31. Rc1 Rac8 32. Ra1 c2 33. Qa4 c1=Q+ 34. Rxc1 Rxc1+ 35. Kg2 Bf1+ 36. Kf3 Qf5+
0-1

[Event "welcome Tourney"]
[Site "SchemingMind.com"]
[Date "2008.05.20"]
[Round "-"]
[White "Andreas Flato"]
[Black "Carl Lenox"]
[Result "1-0"]
[WhiteCountry "GER"]
[BlackCountry "CAN"]
[WhiteElo "1931"]
[WhiteRD "93"]
[BlackElo "1225"]
[BlackRD "58"]
[GameID "155794"]

1. e4 e5 2. Nf3 Nc6 3. Bb5 Nf6 4. d3 Bc5 5. O-O O-O 6. Bxc6 bxc6 7. Nxe5 d6 8. Nxc6 Qd7 9. Na5 Ba6 10. Nc3 Rab8
11. a3 Rfe8 12. b4 Bd4 13. Bb2 Re5 14. Nb3 Bb6 15. Nd5 Ng4 16. Bxe5 dxe5 17. Nxb6 axb6 18. h3 Nf6 19. f4 Qd6 20. fxe5 Qxe5
21. Qe2 Qb2 22. Rfb1 Qe5 23. Nd2 Rd8 24. Nf3 Bc8 25. Nxe5 Rd6 26. Rf1 Nh5 27. Qxh5 g6 28. Qh6 Re6 29. Rxf7 Rxe5 30. Qg7#
1-0

[Event "welcome Tourney"]
[Site "SchemingMind.com"]
[Date "2008.05.25"]
[Round "-"]
[White "SLAINTIE MHATH"]
[Black "Joe Daudish"]
[Result "0-1"]
[WhiteCountry "POL"]
[BlackCountry "USA"]
[WhiteElo "1529"]
[WhiteRD "61"]
[BlackElo "1729"]
[BlackRD "43"]
[GameID "156221"]

1. e4 e6 2. Nc3 d5 3. exd5 exd5 4. Qe2+ Be6 5. a3 Nf6 6. Qb5+ Nbd7 7. Qxb7 Qb8 8. Qc6 Bd6 9. Ba6 O-O 10. Nb5 Qb6
11. Qxb6 axb6 12. Nxd6 Rxa6 13. d4 cxd6 14. f3 b5 15. Ne2 Nb6 16. Bf4 Nc4 17. Rb1 Rfa8 18. O-O Nh5 19. Rfe1 h6 20. g4 Nf6
21. c3 g5 22. Bc1 Kg7 23. h3 Nd7 24. Ng3 Nf8 25. Nf5+ Bxf5 26. gxf5 Kf6 27. f4 Kxf5 28. fxg5 hxg5 29. Rf1+ Kg6 30. Kg2 Re8
31. h4 Nh7 32. Rh1 Ra7 33. h5+ Kh6
0-1

[Event "welcome Tourney"]
[Site "SchemingMind.com"]
[Date "2008.05.25"]
[Round "-"]
[White "Joe Daudish"]
[Black "SLAINTIE MHATH"]
[Result "1-0"]
[WhiteCountry "USA"]
[BlackCountry "POL"]
[WhiteElo "1729"]
[WhiteRD "43"]
[BlackElo "1529"]
[BlackRD "61"]
[GameID "156242"]

1. d4 c5 2. Nf3 cxd4 3. Qxd4 Nc6 4. Qd1 h6 5. Bf4 g5 6. Bd2 Bg7 7. c3 d5 8. e3 Bg4 9. Be2 e5 10. h3 Bxf3
11. Bxf3 e4 12. Be2 Nf6 13. c4 O-O 14. cxd5 Nxd5 15. Nc3 Bxc3 16. Bxc3 Nxc3 17. bxc3 Ne5 18. O-O Rc8 19. Qa4 Rxc3 20. Qxe4 Re8
21. Qxb7 Nd3 22. Bxd3 Rxd3 23. Qxa7 Re7 24. Qc5 Red7 25. a4 h5 26. a5 g4 27. Qxh5 gxh3 28. Qxh3 f6 29. a6 f5 30. a7 Qa8
31. Qxf5 Rg7 32. Qc8+ Qxc8 33. a8=Q Qxa8 34. Rxa8+ Kh7 35. g3
1-0

[Event "welcome Tourney"]
[Site "SchemingMind.com"]
[Date "2008.05.25"]
[Round "-"]
[White "ranmaru90"]
[Black "Clive Everill"]
[Result "0-1"]
[WhiteCountry "MAS"]
[BlackCountry "CZE"]
[WhiteElo "1422"]
[WhiteRD "176"]
[BlackElo "1729"]
[BlackRD "48"]
[GameID "156356"]

1. e4 c5 2. c3 Nf6 3. d3 d5 4. e5 Nfd7 5. d4 e6 6. Bb5 a6 7. Ba4 b5 8. Bc2 cxd4 9. cxd4 Bb4+ 10. Bd2 Bxd2+
11. Qxd2 O-O 12. Nf3 f6 13. a3 fxe5 14. Ng5 Nf6 15. dxe5 Ne4 16. Nxe4 dxe4 17. Qxd8 Rxd8 18. Bxe4 Ra7 19. Nc3 Nd7 20. O-O-O Rf8
21. Bf3 Nxe5
0-1

[Event "welcome Tourney"]
[Site "SchemingMind.com"]
[Date "2008.05.25"]
[Round "-"]
[White "nostromo"]
[Black "JOZIN Z BAZIN"]
[Result "0-1"]
[WhiteCountry "GBR"]
[BlackCountry "POL"]
[WhiteElo "1483"]
[WhiteRD "67"]
[BlackElo "1592"]
[BlackRD "62"]
[GameID "156357"]

1. Nf3 Nf6 2. b3 Nc6 3. Bb2 g6 4. e3 d5 5. Bb5 Bg4 6. Be2 Bxf3 7. Bxf3 e5 8. Nc3 e4 9. Be2 Bg7 10. O-O h5
11. Bb5 Qd6 12. Qe2 O-O 13. Rad1 Ng4 14. h3 Qh2#
0-1

[Event "welcome Tourney"]
[Site "SchemingMind.com"]
[Date "2008.05.26"]
[Round "-"]
[White "Clive Everill"]
[Black "ranmaru90"]
[Result "1-0"]
[WhiteCountry "CZE"]
[BlackCountry "MAS"]
[WhiteElo "1729"]
[WhiteRD "48"]
[BlackElo "1422"]
[BlackRD "176"]
[GameID "156365"]

1. Nf3 d5 2. d4 Nf6 3. e3 h6 4. c4 Nc6 5. Nc3 Bg4 6. Be2 Bxf3 7. Bxf3 e5 8. dxe5 Nxe5 9. Bxd5 Bb4 10. Bd2 Nd3+
11. Ke2 Nxb2 12. Qb3 Nxc4 13. Bxc4 a5 14. Bxf7+ Kf8 15. Bg6 Qe7 16. a3 Bc5 17. Qxb7 Rd8 18. Qf3 Qd6 19. Rhd1 Kg8 20. Nb5 Qa6
21. Bd3
1-0

[Event "welcome Tourney"]
[Site "SchemingMind.com"]
[Date "2008.05.25"]
[Round "-"]
[White "JOZIN Z BAZIN"]
[Black "nostromo"]
[Result "0-1"]
[WhiteCountry "POL"]
[BlackCountry "GBR"]
[WhiteElo "1544"]
[WhiteRD "60"]
[BlackElo "1463"]
[BlackRD "69"]
[GameID "156366"]

1. Nf3 b6 2. g3 Bb7 3. Bg2 g6 4. O-O Bg7 5. d4 e6 6. Bg5 Bf6 7. h4 Nc6 8. Bxf6 Nxf6 9. Ne5 Rb8 10. e4 O-O
11. Nd2 Nxe5 12. dxe5 Ne8 13. f4 d5 14. exd5 Bxd5 15. Ne4 Kg7 16. h5 Qd7
0-1

[Event "welcome Tourney"]
[Site "SchemingMind.com"]
[Date "2008.07.15"]
[Round "-"]
[White "chesshub"]
[Black "alardavid"]
[Result "1-0"]
[WhiteCountry "FRA"]
[BlackCountry "NCA"]
[WhiteElo "2427"]
[WhiteRD "75"]
[BlackElo "1821"]
[BlackRD "117"]
[GameID "163562"]

1. e4 e6 2. d4 d5 3. Nd2 c5 4. Ngf3 Nf6 5. exd5 Nxd5 6. dxc5 Bxc5 7. Ne4 Be7 8. Bc4 Nf6 9. Qxd8+ Bxd8 10. Nd6+ Ke7
11. Nxc8+ Kd7 12. Ne5+ Kxc8 13. Nxf7 Re8 14. Nd6+
1-0

[Event "welcome Tourney"]
[Site "SchemingMind.com"]
[Date "2008.07.15"]
[Round "-"]
[White "alardavid"]
[Black "chesshub"]
[Result "0-1"]
[WhiteCountry "NCA"]
[BlackCountry "FRA"]
[WhiteElo "1819"]
[WhiteRD "120"]
[BlackElo "2436"]
[BlackRD "69"]
[GameID "163569"]

1. e4 e5 2. Nf3 Nc6 3. Bb5 a6 4. Ba4 Nf6 5. O-O Be7 6. Re1 b5 7. Bb3 d6 8. c3 O-O 9. h3 Nb8 10. d4 Nbd7
11. Nbd2 Bb7 12. Bc2 Re8 13. Nf1 Bf8 14. Bg5 h6 15. Bh4 Be7 16. Qd2 c5 17. dxe5 Nxe5 18. Nxe5 dxe5 19. Qxd8 Raxd8 20. Bg3 Bf8
21. f3 Nh5 22. Bf2 Nf4 23. Rad1 Bc8 24. Ne3 Be6 25. b3 Rxd1 26. Nxd1 c4 27. b4 Nd3 28. Re3 Rd8 29. Kf1 Nc1 30. a4 Rd2
31. Bb1 Rxd1+
0-1

[Event "welcome Tourney"]
[Site "SchemingMind.com"]
[Date "2008.07.23"]
[Round "-"]
[White "Schaakmaatje"]
[Black "esteves101"]
[Result "0-1"]
[WhiteCountry "NED"]
[BlackCountry "PHI"]
[WhiteElo "1802"]
[WhiteRD "48"]
[BlackElo "2096"]
[BlackRD "62"]
[GameID "163952"]

1. g4 e5 2. Bg2 d5 3. h3 Bc5 4. c3 h5 5. Qb3 Ne7 6. g5 Nbc6 7. d3 a5 8. a4 O-O 9. e4 d4 10. Nf3 dxc3
11. bxc3 Qxd3
0-1

[Event "welcome Tourney"]
[Site "SchemingMind.com"]
[Date "2008.07.23"]
[Round "-"]
[White "esteves101"]
[Black "Schaakmaatje"]
[Result "1-0"]
[WhiteCountry "PHI"]
[BlackCountry "NED"]
[WhiteElo "2129"]
[WhiteRD "63"]
[BlackElo "1837"]
[BlackRD "46"]
[GameID "163959"]

1. e4 e5 2. Nf3 Nc6 3. Bb5 a6 4. Bxc6 dxc6 5. d3 Bc5 6. Nbd2 Bg4 7. Nc4 f6 8. O-O Qd7 9. Be3 Bd4 10. Bxd4 exd4
11. Re1 Nh6 12. e5 O-O-O 13. h3 Be6 14. Qd2 Nf5 15. g4 Nh6 16. exf6 Bxg4 17. Nfe5 Qf5 18. fxg7 Rhg8 19. Qxh6 Bxh3 20. Kh2
1-0

[Event "welcome Tourney"]
[Site "SchemingMind.com"]
[Date "2008.08.22"]
[Round "-"]
[White "Joe Daudish"]
[Black "Clive Everill"]
[Result "1-0"]
[WhiteCountry "USA"]
[BlackCountry "CZE"]
[WhiteElo "1779"]
[WhiteRD "46"]
[BlackElo "1686"]
[BlackRD "47"]
[GameID "168004"]

1. d4 d5 2. Nf3 c6 3. Bf4 e6 4. e3 Nf6 5. Be2 Be7 6. h3 Qa5+ 7. c3 c5 8. dxc5 Qxc5 9. Nbd2 O-O 10. O-O Nc6
11. Nb3 Qb6 12. Qc2 g6 13. Rfe1 Nh5 14. Bh2 Bf6 15. Nfd2 e5 16. Bxh5 gxh5 17. Nf3 e4 18. Nfd4 Nxd4 19. Nxd4 Bd7 20. a3 Rac8
21. Qe2 h4 22. Qh5 Kh8 23. Qxd5 Rcd8 24. Qa2 Rg8 25. Kh1 Rg7 26. b4 Rdg8 27. Rg1 Be7 28. Qd5 Be6 29. Qxe4 Bd6 30. Nxe6 fxe6
31. Bxd6 Qxd6 32. Qxh4 e5 33. Qe4 Qf6 34. f3 b6 35. Rad1 Rg3 36. Rd5 Qh4 37. Qxh4
1-0

[Event "welcome Tourney"]
[Site "SchemingMind.com"]
[Date "2008.08.22"]
[Round "-"]
[White "Clive Everill"]
[Black "Joe Daudish"]
[Result "1-0"]
[WhiteCountry "CZE"]
[BlackCountry "USA"]
[WhiteElo "1683"]
[WhiteRD "47"]
[BlackElo "1759"]
[BlackRD "45"]
[GameID "168012"]

1. e4 e6 2. Bb5 c6 3. Ba4 d5 4. exd5 Qxd5 5. Nf3 Nf6 6. O-O Be7 7. Nc3 Qd8 8. d4 Nbd7 9. Bg5 h6 10. Bh4 O-O
11. Re1 b5 12. Bb3 a5 13. a4 b4 14. Ne2 Ba6 15. Ng3 Nd5 16. Bxe7 Qxe7 17. Nf5 Qd8 18. Nd6 N7f6 19. Nc4 Qc7 20. Nfe5 Bxc4
21. Bxc4 Nd7 22. Qh5 Nxe5 23. Rxe5 Qe7 24. Rae1 Qf6 25. g3 Rfc8 26. f4 c5 27. dxc5 Rxc5 28. b3 Rac8 29. f5 Rxc4 30. bxc4 Rxc4
31. fxe6 fxe6 32. Qe8+ Kh7 33. Qxe6 Qf3 34. Rxd5 Rxc2 35. Qe4+ Qxe4 36. Rxe4 b3 37. Re1 b2 38. Rdd1 Rc4 39. Rb1 Rxa4 40. Rxb2 Rd4
41. Ra2 h5 42. Rxa5 g6 43. Re7+ Kh6 44. h4 Rd6 45. Ra8 g5 46. Rh8+ Kg6 47. Re5 gxh4 48. gxh4 Rd4 49. Rhxh5 Rg4+ 50. Kh2 Kf6
51. Ra5 Kg6 52. Kh3 Rg1 53. Rhg5+ Rxg5 54. Rxg5+ Kh6 55. Kg4 Kh7 56. Kh5 Kh8 57. Kg6 Kg8 58. Rh5 Kf8 59. Rh8+ Ke7 60. h5 Ke6
61. h6 Ke7 62. Rg8 Ke6 63. h7 Ke7 64. h8=Q Ke6 65. Qh5 Ke7 66. Qe5+ Kd7 67. Re8 Kc6 68. Re6+ Kb7 69. Qg7+ Kc8 70. Re8#
1-0

[Event "welcome Tourney"]
[Site "SchemingMind.com"]
[Date "2008.09.20"]
[Round "-"]
[White "esteves101"]
[Black "Andreas Flato"]
[Result "1-0"]
[WhiteCountry "PHI"]
[BlackCountry "GER"]
[WhiteElo "2176"]
[WhiteRD "67"]
[BlackElo "1810"]
[BlackRD "65"]
[GameID "171906"]

1. e4 e5 2. Nf3 d6 3. Nc3 Be7 4. d4 exd4 5. Nxd4 Nf6 6. Bb5+ Bd7 7. Qe2 O-O 8. O-O c6 9. Bd3 b5 10. Bf4 a6
11. e5 dxe5 12. Bxe5 c5 13. Bxf6 Bxf6 14. Qe4
1-0

[Event "welcome Tourney"]
[Site "SchemingMind.com"]
[Date "2008.09.20"]
[Round "-"]
[White "Andreas Flato"]
[Black "esteves101"]
[Result "0-1"]
[WhiteCountry "GER"]
[BlackCountry "PHI"]
[WhiteElo "1810"]
[WhiteRD "65"]
[BlackElo "2176"]
[BlackRD "67"]
[GameID "171913"]

1. e4 e5 2. Nf3 Nf6 3. d3 Nc6 4. Be2 d5 5. exd5 Nxd5 6. O-O Be7 7. Nc3 Nxc3 8. bxc3 O-O 9. h3 Be6 10. Be3 f5
11. c4 f4 12. Bd2 Qd6 13. Bc3 Rad8 14. Qc1 b6 15. Re1 Bf5 16. Bf1 Bf6 17. a4 Rfe8 18. Ra2 e4 19. Bxf6 Qxf6 20. dxe4 Bxe4
21. c3 Bxf3 22. Rxe8+ Rxe8 23. gxf3 Ne5 24. Qd1 Rd8 25. Qe2 Rd3 26. Kg2 Qg6+ 27. Kh1 Nxf3 28. Bg2 Nh4 29. Bd5+ Rxd5 30. cxd5 Qg2#
0-1

[Event "welcome Tourney"]
[Site "SchemingMind.com"]
[Date "2008.11.26"]
[Round "-"]
[White "esteves101"]
[Black "chesshub"]
[Result "0-1"]
[WhiteCountry "PHI"]
[BlackCountry "FRA"]
[WhiteElo "2198"]
[WhiteRD "80"]
[BlackElo "2458"]
[BlackRD "69"]
[GameID "180360"]

1. e4 c5 2. Nc3 Nc6 3. Bc4 e6 4. Nf3 a6 5. d4 cxd4 6. Nxd4 Qc7 7. O-O Nf6 8. Nxc6 Qxc6 9. Qe2 b5 10. Bd5 Nxd5
11. exd5 Qc7 12. a4 b4 13. dxe6 dxe6 14. Nd5 Qc6 15. Rd1 Bb7 16. Bf4 Be7 17. Nc7+ Kf8 18. Qg4 Rc8 19. Be5 Rg8 20. c3 h5
21. Qg3 b3 22. Rd4 g5 23. Rad1 h4 24. Qh3 Rxc7 25. Bxc7 Qxc7 26. Qg4 Qe5 27. Rd7 Bd5 28. h3 Rg6 29. a5 Rf6 30. c4 Qxb2
31. cxd5 Rf4 32. d6 Qxf2+ 33. Kh1 Rxg4 34. dxe7+ Ke8 35. hxg4 h3 36. Rd8+ Kxe7 37. R8d7+ Kf6 38. gxh3 b2 39. Rb1 Qf3+ 40. Kg1 Qg3+
41. Kf1 Qh2 42. Rbd1 Qxh3+ 43. Kf2 Qxg4
0-1

[Event "welcome Tourney"]
[Site "SchemingMind.com"]
[Date "2008.11.26"]
[Round "-"]
[White "chesshub"]
[Black "esteves101"]
[Result "1-0"]
[WhiteCountry "FRA"]
[BlackCountry "PHI"]
[WhiteElo "2451"]
[WhiteRD "67"]
[BlackElo "2215"]
[BlackRD "77"]
[GameID "180370"]

1. d4 Nf6 2. c4 e6 3. Nf3 Bb4+ 4. Bd2 Nc6 5. Bxb4 Nxb4 6. Nc3 O-O 7. e3 d5 8. a3 Nc6 9. Bd3 dxc4 10. Bxc4 b6
11. O-O Bb7 12. Qc2 Ne7 13. e4 Qc8 14. Rac1 Rd8 15. e5 Nh5 16. Ng5 Nf5 17. Nxe6 Nxd4 18. Nxd4 Qg4 19. Ne4 Rxd4 20. Bxf7+ Kxf7
21. f3 Qd7 22. Ng5+ Kf8 23. Qxh7 Nf4 24. Qh8+ Ke7 25. Qxg7+ Ke8 26. Qh8+ Ke7 27. Qf6+ Ke8 28. g3 Ne2+ 29. Kf2 Nxc1 30. Rxc1 Bd5
31. e6 Qd6 32. Qf7+
1-0